Zdobywcy bramek dla Reprezentacji Polski w 2025 - Statystyki

Ogólne statystyki
  • Ten quiz został rozwiązany 37 razy
  • Średni wynik to 7 z 9
Statystyki odpowiedzi
Gole Zawodnik % Poprawnych
4 Lewandowski
97%
2 Zieliński
97%
3 Cash
90%
2 Świderski
83%
1 Szymański
83%
2 Kamiński
80%
1 Kiwior
63%
1 Slisz
40%
1 Wszołek
40%
Nie znaleziono quizów pasujących do podanych kryteriów
Rozkład punktacji
Procent ludzi z każdym wynikiem
Percentyl według liczby udzielonych odpowiedzi
Twoja historia wyników
Nie rozwiązałeś tego quizu